000 00600nam a2200229Ia 4500
003 OSt
005 20221007071949.0
006 a|||||r|||| 00| 0
007 ta
008 221006b |||||||| |||| 00| 0 eng d
024 _a18,706
037 _cTextual
040 _aFLL
_cFLL
_beng
041 _2eng
_aeng
082 _aZ1:218z7, M2
100 _aKean A. Ed.
_9689751
245 0 _aEssays in air law
260 _aLondon
_bMartinus nijhoff publishers England
_c1982
300 _a369p
_ccm.
942 _hZ1:218z7, M2
_cTEXL
_2CC
999 _c1144804
_d1144804